000 00880nam a2200217Ia 4500
008 0000001985 gw a 0000000000ger00
090 _aPSZ00 T12a
100 1 _aTafel, Verona
245 1 0 _aAlbert Merz
_b: neue bildr und zeichnungen 19841985
_c/ texte Verena Tafel, Godehard Lietzow ; fotos Haig Maranian, Dagmar Hartig
300 _a[36] p.
_c/ 30 cm.
500 _aExposición realizada en Galerie Lietzow, Berlin, 1985 \ Con el patronazgo del maestro venezolano Jesús Rafael Soto (q.e.p.d.)
600 0 0 _aMERZ, ALBERT, 1942 /
_xTRABAJOS PICTORICOS
650 1 4 _aARTE CONTEMPORANEO SUIZO
650 1 4 _aARTISTAS PLASTICOS SUIZOS
650 1 4 _xCATALOGOS
650 1 4 _aDIBUJOS SUIZOS
650 1 4 _xEXPOSICIONES
650 1 4 _aPINTURA SUIZA
700 1 _aLietzow, Godehard \ Maranian, Haig \ Hartig, Dagmar
999 _c7351
_d7351
260 _aBerlin : Galerie Lietzow
_c1985